书目信息 |
| 题名: |
旅游景区服务与管理案例
|
|
| 作者: | 王昆欣 主编 | |
| 分册: | ||
| 出版信息: | 北京 旅游教育出版社 2008.05 |
|
| 页数: | 138页 | |
| 开本: | 23cm | |
| 丛书名: | ||
| 单 册: | ||
| 中图分类: | F590.6 | |
| 科图分类: | ||
| 主题词: | 旅游区--商业服务--案例 , 旅游区--经营管理--案例 | |
| 电子资源: | ||
| ISBN: | 978-7-5637-1575-6 | |
| 000 | 00970nam0 2200253 450 | |
| 001 | 012004251787 | |
| 005 | 20100325102931.20 | |
| 010 | @a978-7-5637-1575-6@dCNY15.00 | |
| 100 | @a20080618d2008 em y0chiy0110 ea | |
| 101 | 0 | @achi |
| 102 | @aCN@b110000 | |
| 105 | @ay z 000yy | |
| 106 | @ar | |
| 200 | 1 | @a旅游景区服务与管理案例@9lv you jing qu fu wu yu guan li an li@dCase study on tourist sites service and management@f王昆欣主编@zeng |
| 210 | @a北京@c旅游教育出版社@d2008.05 | |
| 215 | @a138页@d23cm | |
| 330 | @a分为入门接待服务案例、游乐项目接待服务案例、导游服务案例、商业服务案例、咨询与投诉处理案例、安全服务与管理案例、环境与资源管理案例等七章内容全面介绍了旅游景区服务。 | |
| 510 | 1 | @aCase study on tourist sites service and management@zeng |
| 606 | 0 | @a旅游区@x商业服务@x案例 |
| 606 | 0 | @a旅游区@x经营管理@x案例 |
| 690 | @aF590.6@v4 | |
| 701 | 0 | @a王昆欣@9wang kun xin@4主编 |
| 801 | 0 | @aCN@bNLC@c20100325 |
| 905 | @b799260-65@dF590.6@e286@f6 | |
| 旅游景区服务与管理案例=Case study on tourist sites service and management/王昆欣主编.-北京:旅游教育出版社,2008.05 |
| 138页;23cm |
| ISBN 978-7-5637-1575-6:CNY15.00 |
| 分为入门接待服务案例、游乐项目接待服务案例、导游服务案例、商业服务案例、咨询与投诉处理案例、安全服务与管理案例、环境与资源管理案例等七章内容全面介绍了旅游景区服务。 |
| ● |
| 相关链接 |
|
|
|
|
正题名:旅游景区服务与管理案例
索取号:F590.6/286
 
预约/预借
| 序号 | 登录号 | 条形码 | 馆藏地/架位号 | 状态 | 备注 |
| 1 | 799260 | 207992608 | 第一样本阅览室/ [索取号:F590.6/286] | 在馆 | |
| 2 | 799261 | 207992617 | 第一借阅区/ [索取号:F590.6/286] | 在馆 | |
| 3 | 799262 | 207992626 | 第一借阅区/ [索取号:F590.6/286] | 在馆 | |
| 4 | 799263 | 207992635 | 第一借阅区/ [索取号:F590.6/286] | 在馆 | |
| 5 | 799264 | 207992644 | 第一借阅区/ [索取号:F590.6/286] | 在馆 | |
| 6 | 799265 | 207992653 | 第一借阅区/ [索取号:F590.6/286] | 在馆 |